Exploring the Viability of Integrating Animal-Assisted Therapy into Hospitality Services

Bibliográfiai részletek
Szerző: Altvater Lili Anna
További közreműködők: Karakasné Dr. Morvay Klára
Dokumentumtípus: Diplomadolgozat
Kulcsszavak:animal assisted therapy
health tourism
new service in hospitality
niche tourism
wellness tourism
Online Access:http://dolgozattar.uni-bge.hu/59771

MARC

LEADER 00000nta a2200000 i 4500
001 dolg59771
005 20260409145537.0
008 260409suuuu hu om 000 eng d
040 |a BGE Dolgozattár Repozitórium  |b hun 
041 |a en 
100 1 |a Altvater Lili Anna 
245 1 0 |a Exploring the Viability of Integrating Animal-Assisted Therapy into Hospitality Services  |c Altvater Lili Anna  |h [elektronikus dokumentum] 
520 3 |a In summary, this research paper discovers the viability of implementing animal therapy in the hospitality environment. It does so through defining and understanding animal therapy and its’ impacts; pointing out the possibilities of it as a niche marketing tool; placing it into the wellness and health tourism sector and discussing its’ attributes with the help of a SWOT analysis. A primer qualitative research method was used through interviews of 4 accommodation owners and employees and of 2 animal therapists. The key findings can be separated into two part. The viability of a long-term animal therapy in the hospitality sector is only in hypothesis but the short-term implementation of events including animal therapy is already viable in the form of trainings and has a higher chance at evolving. A further investigation of the field is required through different research methods and wider sample sizes. 
695 |a animal assisted therapy 
695 |a health tourism 
695 |a new service in hospitality 
695 |a niche tourism 
695 |a wellness tourism 
700 1 |a Karakasné Dr. Morvay Klára  |e ths 
856 4 0 |u http://dolgozattar.uni-bge.hu/59771/1/The%20Paper_100%25.pdf  |z Dokumentum-elérés 
856 4 0 |u http://dolgozattar.uni-bge.hu/59771/2/SGKIGA-Szamla_20250430_SGKIGA_2025-BGE-45993.pdf  |z Dokumentum-elérés 
856 4 0 |u http://dolgozattar.uni-bge.hu/59771/3/transaction20250504143814.pdf  |z Dokumentum-elérés 
856 4 0 |u http://dolgozattar.uni-bge.hu/59771/4/AltvaterLiliAnna_BSc_consulent_2025.pdf  |z Dokumentum-elérés 
856 4 0 |u http://dolgozattar.uni-bge.hu/59771/5/Lili_Anna_Altvater_2025_BSc_Opponent_Assessment%20Sheet.pdf  |z Dokumentum-elérés